[Event "CCSCSL Invitational"]
[Site "Saint Louis USA"]
[Date "2011.12.01"]
[Round "4.4"]
[White "Krush,I"]
[Black "Abrahamyan,T"]
[Result "1-0"]
[WhiteElo "2476"]
[BlackElo "2264"]

1.d4 Nf6 2.c4 g6 3.Nc3 Bg7 4.e4 d6 5.Be2 O-O 6.Nf3 e5 7.O-O Na6 8.Be3 Ng4
9.Bg5 Qe8 10.dxe5 dxe5 11.h3 h6 12.Bd2 Nf6 13.Be3 Qe7 14.Nd5 Qd8 15.Qc2 c6
16.Nxf6+ Qxf6 17.c5 Nc7 18.Rfd1 Qe7 19.Re1 Be6 20.Rad1 Rad8 21.Nd2 Nb5 22.Nb3 Bxb3
23.Qxb3 Rxd1 24.Rxd1 Nd4 25.Bxd4 exd4 26.Qc2 h5 27.f4 Bh6 28.Rf1 Qh4 29.Qd2 Re8
30.Bd3 Re6 31.Kh2 Qe7 32.b4 h4 33.Qf2 Bg7 34.e5 Qd8 35.Bc4 Re7 36.Rd1 Qc7
37.Qxh4 Rd7 38.e6 Re7 39.exf7+ Kf8 40.Qh7 Qxf4+ 41.Kg1  1-0

[Event "CCSCSL Invitational"]
[Site "Saint Louis USA"]
[Date "2011.12.02"]
[Round "6.5"]
[White "Krush,I"]
[Black "Diamant,A"]
[Result "1/2-1/2"]
[WhiteElo "2476"]
[BlackElo "2489"]

1.d4 Nf6 2.c4 e6 3.Nc3 d5 4.cxd5 Nxd5 5.e4 Nxc3 6.bxc3 c5 7.Nf3 cxd4 8.cxd4 Bb4+
9.Bd2 Bxd2+ 10.Qxd2 O-O 11.Bc4 Nd7 12.O-O b6 13.Rac1 Bb7 14.Qf4 Rc8 15.Rfd1 Qf6  1/2-1/2

[Event "CCSCSL Invitational"]
[Site "Saint Louis USA"]
[Date "2011.12.03"]
[Round "8.3"]
[White "Krush,I"]
[Black "Amanov,M"]
[Result "1/2-1/2"]
[WhiteElo "2476"]
[BlackElo "2524"]

1.c4 e5 2.Nc3 Nf6 3.Nf3 Nc6 4.e3 Be7 5.a3 O-O 6.Qc2 d6 7.h3 Re8 8.Be2 Bf8
9.d3 Bf5 10.e4 Be6 11.b4 a5 12.b5 Ne7 13.d4 Ng6 14.d5 Bd7 15.g3 c6 16.Bb2 Rc8
17.Qd3 h6 18.Kf1 h5 19.h4 Ne7 20.Ng5 cxd5 21.cxd5 g6 22.Kg2 Bh6 23.Na4 Nexd5
24.exd5 Bf5 25.Qd2 Ne4 26.Qe1 Bxg5 27.hxg5 Nxg5 28.Nc3 e4 29.Qd1 f6 30.Rc1 Kf7
31.Na4 Qe7 32.Nb6 Rxc1 33.Qxc1 Nf3 34.Qf4 Bg4 35.Qe3 g5 36.Nc4 h4 37.gxh4 gxh4
38.Qf4 Rg8 39.Nxd6+ Qxd6 40.Qxd6 Bf5+ 41.Qg3 hxg3 42.fxg3 Rc8 43.Rc1 Rxc1
44.Bxc1 Ke7 45.Bxf3  1/2-1/2

[Event "Gibraltar Open"]
[Site "Caleta ENG"]
[Date "2012.01.24"]
[Round "1.60"]
[White "Krush,I"]
[Black "Tavares,S"]
[Result "1-0"]
[WhiteElo "2467"]
[BlackElo "2218"]

1.d4 e6 2.c4 Nf6 3.Nc3 Bb4 4.Qc2 O-O 5.a3 Bxc3+ 6.Qxc3 d5 7.Bg5 h6 8.Bh4 g5
9.Bg3 Ne4 10.Qc2 Nc6 11.e3 f5 12.f3 Nxg3 13.hxg3 Qf6 14.Ne2 Bd7 15.Nc3 Ne7
16.O-O-O c6 17.Kb1 Kg7 18.Bd3 dxc4 19.Bxc4 b5 20.Bb3 a5 21.Ne2 a4 22.Ba2 b4
23.axb4 a3 24.Nc1 Rfb8 25.Nd3 axb2 26.Kxb2 Be8 27.Ra1 f4 28.gxf4 Nf5 29.fxg5 hxg5
30.Nc5 Rxb4+ 31.Kc3 Nxd4 32.Qh7+ Kf8 33.Qh8+ Qxh8 34.Rxh8+ Kg7 35.exd4 Rb5
36.Rxe8 Rxe8 37.Nxe6+  1-0

[Event "Gibraltar Open"]
[Site "Caleta ENG"]
[Date "2012.01.25"]
[Round "2.22"]
[White "Fier,A"]
[Black "Krush,I"]
[Result "1/2-1/2"]
[WhiteElo "2603"]
[BlackElo "2467"]

1.e4 c6 2.d4 d5 3.Nc3 dxe4 4.Nxe4 Bf5 5.Ng3 Bg6 6.h4 h6 7.Nf3 Nd7 8.h5 Bh7
9.Bd3 Bxd3 10.Qxd3 e6 11.Bd2 Ngf6 12.O-O-O Be7 13.Kb1 O-O 14.Ne4 Nxe4 15.Qxe4 Nf6
16.Qe2 Qd5 17.Ne5 Qe4 18.Qxe4 Nxe4 19.Be3 Rfd8 20.g4 c5 21.f3 cxd4 22.Rxd4 Rxd4
23.Bxd4 Nd2+ 24.Ka1 Bf6 25.f4 Nc4 26.b3 Nxe5 27.fxe5 Bg5 28.Kb2 a6 29.Rf1 Rd8
30.c3 Rd5 31.a4 Kf8 32.b4 Ke7 33.Kb3 f6 34.Kc4 b5+ 35.axb5 axb5+ 36.Kb3 fxe5
37.Bc5+ Kd7 38.Re1 Bf6 39.Re3 Rd2 40.c4 Kc6 41.cxb5+ Kxb5 42.Re4 Rd3+ 43.Kc2 Rg3
44.Bd6 Kc6 45.Bxe5 Bxe5 46.Rxe5 Kd6 47.Ra5 Rxg4 48.Kc3 e5 49.Ra6+ Kd5 50.Ra5+ Ke4
51.Rc5 Rg1 52.b5 Rb1 53.Kc2 Rb4 54.Kc3 Rb1 55.Kc2 Rb4  1/2-1/2

[Event "Gibraltar Open"]
[Site "Caleta ENG"]
[Date "2012.01.28"]
[Round "5.49"]
[White "Krush,I"]
[Black "De Graaf,D"]
[Result "1-0"]
[WhiteElo "2467"]
[BlackElo "2183"]

1.d4 b5 2.e4 Bb7 3.Bxb5 Bxe4 4.Nf3 Nf6 5.O-O e6 6.c4 Be7 7.Nc3 O-O 8.Nxe4 Nxe4
9.Qd3 f5 10.Ne5 c6 11.Ba4 Na6 12.f3 Nf6 13.a3 Qc7 14.b4 c5 15.Bb5 cxd4 16.Bxa6 Qxe5
17.Bb2 Qe3+ 18.Qxe3 dxe3 19.f4 Ng4 20.Rae1 Bf6 21.Bxf6 Nxf6 22.Rxe3 Kf7 23.c5 h6
24.b5 Rab8 25.a4 Nd5 26.Rd3 Ke7 27.Rfd1 g5 28.fxg5 hxg5 29.a5 f4 30.Rxd5 exd5
31.Rxd5 g4 32.b6 axb6 33.cxb6 Rf6 34.Bb5 Rb7 35.Kf2 f3 36.Rc5 Kd6 37.Rc8 Ke5
38.gxf3 Rxf3+ 39.Kg2 d5 40.Ba6 Rbf7 41.b7 Rf2+ 42.Kg1 Rb2 43.b8=Q+ Rxb8 44.Rxb8 Ra7
45.Rb6 Kd4 46.Kf2 Kc3 47.Kg3 Re7 48.Bb7  1-0

[Event "Gibraltar Open"]
[Site "Caleta ENG"]
[Date "2012.01.30"]
[Round "7.39"]
[White "Krush,I"]
[Black "Chapman,T"]
[Result "1/2-1/2"]
[WhiteElo "2467"]
[BlackElo "2253"]

1.d4 Nf6 2.Nf3 c5 3.d5 b5 4.Bg5 Ne4 5.Bh4 Bb7 6.a4 Qb6 7.Qd3 bxa4 8.Nbd2 Nxd2
9.Nxd2 Ba6 10.Qc3 d6 11.Rxa4 Rg8 12.Qa3 g5 13.Bg3 Bg7 14.c3 f5 15.f3 Qb7
16.Qa2 Bf6 17.Kd1 Kf8 18.Kc1 Bb5 19.Ra5 Be8 20.e4 f4 21.Bf2 Nd7 22.Be2 Ne5
23.Nc4 Nxc4 24.Qxc4 Bd7 25.g3 Be5 26.Kc2 Kf7 27.Rha1 h5 28.R1a3 g4 29.fxg4 Bxg4
30.Bxg4 Rxg4 31.Qe2 fxg3 32.Bxg3 Bxg3 33.hxg3 Kg8 34.Rb3 Qc8 35.Rab5 e6 36.Qc4 e5
37.Qe2 Qe8 38.c4 Qg6 39.Re3 h4 40.Rbb3 hxg3 41.Qxg4 Qxg4 42.Rxg3 Qxg3 43.Rxg3+ Kf7
44.Rb3 Re8 45.Ra3 Re7 46.Ra6 Rd7 47.b4 cxb4 48.Kb3 Ke7 49.Kxb4 Rb7+ 50.Kc3 Rc7
51.Ra1 Kd8 52.Rh1 Rg7 53.c5 dxc5 54.Rh5 a5 55.Rxe5 Re7 56.Rxe7 Kxe7 57.Kc4 a4
58.e5 Kd7 59.Kc3 Ke7 60.Kc4 Kd7  1/2-1/2

[Event "Gibraltar Open"]
[Site "Caleta ENG"]
[Date "2012.01.31"]
[Round "8.42"]
[White "Adrian,C"]
[Black "Krush,I"]
[Result "0-1"]
[WhiteElo "2271"]
[BlackElo "2467"]

1.c4 e5 2.Nc3 Nc6 3.g3 Nf6 4.Bg2 Bc5 5.a3 a6 6.e3 d6 7.Nge2 Ba7 8.d4 O-O
9.O-O Bf5 10.b4 Re8 11.c5 Qc8 12.Bb2 Bh3 13.Qd2 Bxg2 14.Kxg2 Qf5 15.f3 exd4
16.Nxd4 Qd7 17.Nxc6 Qxc6 18.e4 dxc5 19.Nd5 Nxd5 20.exd5 Qd6 21.Rfe1 f6 22.Re4 c6
23.Rae1 Rxe4 24.fxe4 Re8 25.Kf1 Qd7 26.Re2 cxd5 27.Qxd5+ Qxd5 28.exd5 Rxe2
29.Kxe2 c4 30.a4 b5 31.axb5 axb5 32.g4 Bb8 33.h3 Be5 34.Ba3 Kf7 35.Ke3 Ke7
36.Ke4 Bc3 37.h4 Kd6 38.h5 g6 39.Bc1 Bxb4 40.Bf4+ Ke7 41.Kd4 Kd7 42.Bh6 Be1
43.Kc5 c3 44.hxg6 hxg6  0-1

[Event "Gibraltar Open"]
[Site "Caleta ENG"]
[Date "2012.02.01"]
[Round "9.19"]
[White "Krush,I"]
[Black "Laznicka,V"]
[Result "0-1"]
[WhiteElo "2467"]
[BlackElo "2704"]

1.d4 d5 2.c4 dxc4 3.Nf3 Nf6 4.e3 e6 5.Bxc4 c5 6.Qe2 cxd4 7.exd4 Nc6 8.O-O Be7
9.Rd1 O-O 10.Nc3 Nd5 11.Bb3 Re8 12.h4 Bf8 13.Bc2 h6 14.a3 g6 15.h5 g5 16.Bd2 Bg7
17.Qd3 f5 18.Bb3 Kh7 19.Re1 Nxc3 20.bxc3 e5 21.Rad1 e4 22.Qe2 Bd7 23.Nh2 Qf6
24.Bc2 Kh8 25.f3 Rac8 26.Bb1 Na5 27.fxe4 fxe4 28.Bxe4 Nc4 29.Ng4 Qb6 30.Nf2 Qa5
31.Rc1 Qxa3 32.Qd3 b5 33.Bg6 Rxe1+ 34.Rxe1 b4 35.Re7 Nxd2 36.Rxd7 Qc1+ 37.Kh2 Nf1+
38.Kg1 Ne3+ 39.Kh2 Qe1 40.Re7 Nf1+  0-1

[Event "Gibraltar Open"]
[Site "Caleta ENG"]
[Date "2012.02.02"]
[Round "10.40"]
[White "Schiendorfer,E"]
[Black "Krush,I"]
[Result "1/2-1/2"]
[WhiteElo "2354"]
[BlackElo "2467"]

1.d4 Nf6 2.c4 e6 3.Nf3 Bb4+ 4.Nbd2 O-O 5.a3 Be7 6.g3 b6 7.Bg2 Bb7 8.O-O c5
9.dxc5 bxc5 10.b3 a5 11.Bb2 a4 12.Qc2 axb3 13.Nxb3 Be4 14.Qc3 d6 15.Nbd2 Bc6
16.Ne1 Bxg2 17.Nxg2 Nc6 18.Rfb1 h6 19.Nf4 Qa5 20.a4 Qc7 21.Qf3 Ra6 22.Bc3 Rfa8
23.a5 Nxa5 24.Bxa5 Rxa5 25.Qxa8+ Rxa8 26.Rxa8+ Kh7 27.h4 g5 28.hxg5 hxg5
29.Nd3 Kg7 30.Rba1 Bf8 31.R1a7 Qc6 32.Ra6 Qc7 33.R8a7 Qb8 34.Ra8 Qb7 35.R8a7  1/2-1/2

[Event "Reykjavik Open"]
[Site "Reykjavik ISL"]
[Date "2012.03.06"]
[Round "1.26"]
[White "Krush,I"]
[Black "Thorsteinsdottir,H"]
[Result "1-0"]
[WhiteElo "2461"]
[BlackElo "1959"]

1.d4 Nf6 2.c4 g6 3.Nc3 d5 4.cxd5 Nxd5 5.Bd2 Bg7 6.e4 Nb6 7.Be3 O-O 8.Bb5 a6
9.Be2 Nc6 10.Nf3 Bg4 11.d5 Bxf3 12.gxf3 Na5 13.Bd4 Qd6 14.Bxg7 Kxg7 15.Qd2 Kg8
16.f4 Nbc4 17.Qc2 b5 18.e5 Qb4 19.O-O-O Rac8 20.Rd4 c6 21.d6 exd6 22.exd6 Qc5
23.Rhd1 Rfd8 24.Ne4 Qf5 25.Ng5 Qxc2+ 26.Kxc2 c5 27.Rd5 Rc6 28.d7 Rc7 29.Ne4 Nc6
30.Kb1 Nb6 31.Rxc5 Kg7 32.Rd6 Nxd7 33.Rcxc6 Rxc6 34.Rxc6  1-0

[Event "Reykjavik Open"]
[Site "Reykjavik ISL"]
[Date "2012.03.07"]
[Round "2.24"]
[White "Dave,D"]
[Black "Krush,I"]
[Result "0-1"]
[WhiteElo "2205"]
[BlackElo "2461"]

1.e4 c6 2.d4 d5 3.e5 Bf5 4.c3 e6 5.Be3 Qb6 6.Qb3 Ne7 7.Nd2 f6 8.Ngf3 Nd7
9.h3 h5 10.exf6 gxf6 11.Nh4 e5 12.dxe5 Qxb3 13.axb3 fxe5 14.Bg5 Be6 15.Be2 Bf7
16.f4 e4 17.b4 Nc8 18.g4 Rg8 19.Nf5 Nd6 20.Nh6 Rh8 21.Nxf7 Nxf7 22.h4 hxg4
23.Bxg4 Nxg5 24.fxg5 Ne5 25.Be2 Be7 26.O-O-O Ng6 27.Rdg1 Kd7 28.h5 Nf4 29.Bg4+ Kd6
30.g6 Bf8 31.Kc2 Bh6 32.Nb3 Raf8 33.Nd4 Ke5 34.Bd1 Rf6 35.Rh2 a6 36.Bg4 b6
37.Ne2 Nd3 38.Rhg2 c5 39.bxc5 bxc5 40.Bd7 Rb8 41.Rb1 d4 42.b3 Nf2 43.cxd4+ cxd4
44.Nxd4 Kxd4 45.Be6 Rxe6 46.Rxf2 Rc6+ 47.Kb2 Rc3 48.Ka2 e3 49.Rg2 Rb7 50.Rbg1 Rcxb3  0-1

[Event "Reykjavik Open"]
[Site "Reykjavik ISL"]
[Date "2012.03.07"]
[Round "2.24"]
[White "Dave,D"]
[Black "Krush,I"]
[Result "0-1"]
[WhiteElo "2205"]
[BlackElo "2461"]

1.e4 c6 2.d4 d5 3.e5 Bf5 4.c3 e6 5.Be3 Qb6 6.Qb3 Ne7 7.Nd2 f6 8.Ngf3 Nd7
9.h3 h5 10.exf6 gxf6 11.Nh4 e5 12.dxe5 Qxb3 13.axb3 fxe5 14.Bg5 Be6 15.Be2 Bf7
16.f4 e4 17.b4 Nc8 18.g4 Rg8 19.Nf5 Nd6 20.Nh6 Rh8 21.Nxf7 Nxf7 22.h4 hxg4
23.Bxg4 Nxg5 24.fxg5 Ne5 25.Be2 Be7 26.O-O-O Ng6 27.Nb1 Kd7 28.h5 Nf4 29.Bg4+ Kd6
30.g6 Bf8 31.Kc2 Bh6  0-1

[Event "Reykjavik Open"]
[Site "Reykjavik ISL"]
[Date "2012.03.09"]
[Round "4.19"]
[White "Jensson,E"]
[Black "Krush,I"]
[Result "1/2-1/2"]
[WhiteElo "2245"]
[BlackElo "2461"]

1.d4 Nf6 2.Bg5 e6 3.e4 c5 4.d5 h6 5.Bxf6 Qxf6 6.Nc3 d6 7.Bb5+ Nd7 8.dxe6 fxe6
9.Nf3 a6 10.e5 Qf4 11.g3 Qf7 12.Bd3 d5 13.O-O Be7 14.b3 O-O 15.Kg2 b5 16.a4 c4
17.bxc4 bxc4 18.Be2 Bb7 19.Rb1 Rab8 20.Nd4 Nxe5 21.f4 Nd7 22.Bg4 Nc5 23.Re1 Bf6
24.Nxe6 Bxc3 25.Nxc5 Kh8 26.Re6 Ba8 27.Rxb8 Rxb8 28.Rxa6 d4+ 29.Bf3 Bxf3+
30.Qxf3 Qf5 31.Ne4 Re8 32.Nd6 Qxc2+ 33.Kh3 Qe2 34.Qxe2 Rxe2 35.Nxc4 d3 36.Rd6 Re4
37.Na3 Rxa4 38.Nb5 Bf6 39.Rxd3 h5 40.Rd5 g6 41.Rd6 Kg7 42.Nc7 Kf7 43.Rd7+ Kg8
44.Nd5 Ra6 45.g4 hxg4+ 46.Kxg4 Kf8 47.h4 Rc6 48.h5 gxh5+ 49.Kxh5 Bb2 50.f5 Rc2
51.Nf4 Ke8 52.Rb7 Be5 53.Nd5 Kf8 54.Ne3 Rc6 55.Ng4 Bc3 56.Nf2 Bd4 57.Ne4 Rc1
58.f6 Bxf6 59.Nxf6 Rg1 60.Ng4 Ke8 61.Kg5 Rf1 62.Ne3 Re1 63.Nf5 Kd8 64.Kf6 Rf1
65.Rh7 Kc8 66.Ke6 Re1+ 67.Kd5 Rd1+ 68.Nd4 Kd8 69.Ke5 Kc8 70.Nb5 Re1+ 71.Kd5 Rd1+
72.Nd4 Kd8 73.Rg7 Kc8 74.Kc6 Rxd4  1/2-1/2

[Event "Reykjavik Open"]
[Site "Reykjavik ISL"]
[Date "2012.03.10"]
[Round "5.26"]
[White "Krush,I"]
[Black "Einarsson,H"]
[Result "1-0"]
[WhiteElo "2461"]
[BlackElo "2239"]

1.d4 f5 2.g3 Nf6 3.Bg2 d6 4.Nf3 g6 5.O-O Bg7 6.b3 O-O 7.Bb2 Qe8 8.c4 Ne4
9.Nbd2 Nxd2 10.Qxd2 Nc6 11.d5 Bxb2 12.Qxb2 Nd8 13.e4 e5 14.dxe6 Qxe6 15.Rfe1 f4
16.e5 dxe5 17.Qxe5 Qxe5 18.Nxe5 c6 19.Rad1 fxg3 20.hxg3 Ne6 21.b4 Kg7 22.b5 cxb5
23.cxb5 Rd8 24.Rc1 Rb8 25.a4 Re8 26.Red1 Kf6 27.f4 g5 28.Ng4+ Kg6 29.Be4+ Kf7
30.f5 Nf8 31.Bd5+ Kg7 32.Rc7+ Kh8 33.Nh6 Bd7 34.f6 Be6 35.Rg7  1-0

[Event "Reykjavik Open"]
[Site "Reykjavik ISL"]
[Date "2012.03.11"]
[Round "6.18"]
[White "Holm,Kristian Stuvik"]
[Black "Krush,I"]
[Result "1/2-1/2"]
[WhiteElo "2290"]
[BlackElo "2461"]

1.d4 d6 2.c4 e5 3.Nf3 e4 4.Ng5 f5 5.g3 c6 6.Bg2 Be7 7.Nh3 Na6 8.Nc3 Nc7 9.O-O Nf6
10.f3 O-O 11.fxe4 Nxe4 12.Nf4 Nxc3 13.bxc3 Ne6 14.Rb1 Qc7 15.Qb3 Nxf4 16.Bxf4 Kh8
17.c5 Qd8 18.cxd6 Bxd6 19.e4 fxe4 20.Bxd6 Qxd6 21.Rxf8+ Qxf8 22.Bxe4 Qe7
23.Bf3 Qe3+ 24.Kg2 Qd2+ 25.Kh1 h6 26.Bg2 Bf5 27.Rf1 Bd3 28.Qxb7 Re8 29.Qxc6 Re1
30.Qf3 Bxf1 31.Qf8+ Kh7 32.Qf5+ Kh8 33.Qf8+ Kh7 34.Qf5+ Kh8  1/2-1/2

[Event "Reykjavik Open"]
[Site "Reykjavik ISL"]
[Date "2012.03.11"]
[Round "7.81"]
[White "Krush,I"]
[Black "Dukaczewski,P"]
[Result "1-0"]
[WhiteElo "2461"]
[BlackElo "2310"]

1.d4 d5 2.c4 dxc4 3.Nf3 Nf6 4.e3 e6 5.Bxc4 c5 6.Qe2 a6 7.dxc5 Bxc5 8.O-O O-O
9.e4 Nc6 10.e5 Nd7 11.Bd3 g6 12.Bh6 Re8 13.Nbd2 Qe7 14.Rac1 Ncxe5 15.b4 Qd6
16.Nxe5 Bxb4 17.Nxd7 Bxd7 18.Ne4 Qe5 19.Bg5 Be7 20.f4 Qd4+ 21.Kh1 f6 22.Rc4  1-0

[Event "Reykjavik Open"]
[Site "Reykjavik ISL"]
[Date "2012.03.12"]
[Round "8.7"]
[White "Kuzubov,Y"]
[Black "Krush,I"]
[Result "1/2-1/2"]
[WhiteElo "2615"]
[BlackElo "2461"]

1.e4 c5 2.Nf3 e6 3.g3 b6 4.Bg2 Bb7 5.Qe2 d6 6.d4 cxd4 7.Nxd4 Nc6 8.Nxc6 Bxc6
9.O-O Be7 10.Nc3 a6 11.Qc4 Bb7 12.e5 Bxg2 13.Kxg2 Qc8 14.Qg4 Qc6+ 15.Kg1 Kf8
16.exd6 Bxd6 17.Rd1 Be7 18.Qe4 Qxe4 19.Nxe4 Nf6 20.Nxf6 Bxf6 21.Rd6 b5 22.Rb6 g6
23.Bh6+ Bg7 24.Bxg7+ Kxg7 25.Rd1 Rhb8 26.Rdd6 Rxb6 27.Rxb6 Kf6 28.Kf1 h5
29.Ke2 g5 30.Ke3 Ke5 31.Rb7 Kf6 32.c3 g4 33.Rc7 Rd8 34.Rc6 Ra8 35.b3 Kf5
36.c4 bxc4 37.Rxc4 e5 38.Ra4 h4 39.f3 gxf3 40.Rxh4 Rd8 41.Ra4 f2 42.Kxf2 Rd2+
43.Kf3 Rxh2 44.Rxa6 Rc2 45.Ra7 e4+ 46.Ke3 Rc3+ 47.Kd4 Rd3+ 48.Kc4 Ke6 49.g4 Rg3
50.Ra6+ Ke5 51.Ra5+ Kf4 52.Rf5+ Ke3 53.a4 Kd2 54.Rd5+ Kc2 55.Re5 Rxg4 56.a5 e3+
57.Kb5 Kd2 58.a6 e2 59.a7 Rg8 60.Rd5+ Ke3 61.Re5+ Kd3 62.Rd5+ Ke4 63.Rd7 f5
64.Re7+ Kf3 65.b4 f4 66.Kc6 Kf2 67.b5 e1=Q 68.Rxe1 Kxe1 69.b6 f3 70.b7 f2
71.b8=Q Rxb8 72.axb8=Q f1=Q 73.Qb1+ Kf2 74.Qxf1+ Kxf1  1/2-1/2

[Event "6th Philadelphia Open"]
[Site "Philadelphia USA"]
[Date "2012.04.07"]
[Round "7.13"]
[White "Krush,I"]
[Black "Krause,Benjamin W"]
[Result "1-0"]
[WhiteElo "2461"]
[BlackElo "2209"]

1.c4 g6 2.d4 Nf6 3.Nc3 d5 4.Nf3 Bg7 5.Qb3 dxc4 6.Qxc4 O-O 7.e4 a6 8.e5 b5
9.Qb3 Nfd7 10.Be2 c5 11.e6 fxe6 12.Qxe6+ Kh8 13.dxc5 Nxc5 14.Qe3 Ne6 15.Qe4 Ra7
16.Be3 Rb7 17.O-O Qe8 18.Nd5 Nc6 19.Rac1 Ned8 20.Ng5 Nf7 21.Nxf7+ Rxf7 22.Nb6 Rc7
23.Na8 e5 24.Nxc7 Rxc7 25.Bb6 Bf5 26.Qd5 Rc8 27.Rfe1 Nd4 28.Rxc8 Qxc8 29.Bf1 Be6
30.Qc5 Qxc5 31.Bxc5 Bxa2 32.Ra1 Nb3 33.Rxa2 Nxc5 34.Bxb5 e4 35.b4 Nd3 36.Rxa6 Be5
37.Ra8+ Kg7 38.Bxd3  1-0

[Event "6th Philadelphia Open"]
[Site "Philadelphia USA"]
[Date "2012.04.08"]
[Round "8.7"]
[White "Shabalov,A"]
[Black "Krush,I"]
[Result "1-0"]
[WhiteElo "2523"]
[BlackElo "2461"]

1.c4 e5 2.Nc3 Nf6 3.g3 d5 4.cxd5 Nxd5 5.Bg2 Nb6 6.Nf3 Nc6 7.O-O Be7 8.a3 O-O
9.b4 Be6 10.d3 a5 11.b5 Nd4 12.Nd2 Qc8 13.e3 Nf5 14.Bb2 a4 15.Ne2 f6 16.d4 exd4
17.e4 Nd6 18.Nxd4 Bd7 19.Re1 Nxb5 20.Nf5 Rf7 21.Nxe7+ Rxe7 22.Rc1 Bc6 23.Qc2 Qe8
24.Re3 Rd8 25.Nc4 Nd4 26.Qc3 Bb5 27.Nxb6 cxb6 28.Rce1 Qc6 29.Qb4 Qc5 30.Qxc5 bxc5
31.Rb1 Nb3 32.e5 fxe5 33.Rxe5 Rxe5 34.Bxe5 Bc6 35.Bxc6 bxc6 36.Kg2 Rd5 37.Re1 Kf7
38.Re4 c4 39.Rf4+ Kg6 40.Bc3 Rd3 41.Rxc4 c5 42.Be5 Rd5 43.f4 Rd2+ 44.Kh3 Nd4
45.Rxc5 Nf3 46.f5+ Kh5 47.g4+ Kg5 48.f6 Nxe5 49.fxg7 Rd3+ 50.Kg2 Rd8 51.Rxe5+ Kf6
52.Re4 Kxg7 53.Rxa4 Rd3 54.h4 h6 55.Ra6 Rc3 56.h5 Kh7 57.a4 Rc2+ 58.Kf3 Rc3+
59.Kf4 Rc4+ 60.Kf5 Rc5+ 61.Ke6 Rc4 62.a5 Re4+ 63.Kd6 Rxg4 64.Rc6 Kg7 65.Kc7  1-0

[Event "6th Philadelphia Open"]
[Site "Philadelphia USA"]
[Date "2012.04.08"]
[Round "9.12"]
[White "Krush,I"]
[Black "Harmon,L"]
[Result "1-0"]
[WhiteElo "2461"]
[BlackElo "2212"]

1.c4 e5 2.Nc3 Nc6 3.g3 g6 4.Bg2 Bg7 5.d3 d6 6.e4 Nge7 7.Nge2 O-O 8.O-O Be6
9.Nd5 Qd7 10.Be3 f5 11.Qd2 Rf7 12.Rad1 Raf8 13.f3 a6 14.b3 Nd8 15.Nxe7+ Rxe7
16.exf5 Bxf5 17.d4 Bh3 18.d5 e4 19.f4 Bg4 20.Rde1 c5 21.Kh1 Bh3 22.Nc3 Bxg2+
23.Kxg2 Nf7 24.Bf2 Rfe8 25.Re2 Nh6 26.Rfe1 Qg4 27.Rxe4 Nf5 28.Qd3 Nh4+ 29.Kh1 Qh3
30.Qf1 Rxe4 31.Nxe4 Qxf1+ 32.Rxf1 Rxe4 33.gxh4 Rxf4 34.Kg2 Be5 35.Re1 Rf5
36.Bg3 Bxg3 37.hxg3 Kg7 38.g4 Rf7 39.g5 b5 40.Re6 bxc4 41.bxc4 Rf4 42.Rxd6 Rxc4
43.Rxa6 Rd4 44.d6 c4 45.a4 c3 46.a5 Kf7 47.Rc6 Ra4 48.Rxc3 Rxa5 49.Rc7+ Ke6
50.Rxh7 Ra2+ 51.Kf3 Ra3+ 52.Ke2 Ra2+ 53.Kd3 Ra3+ 54.Kc2 Kxd6 55.Rh6 Rh3 56.Rxg6+ Ke7
57.Rh6 Kf7 58.Kd2 Kg7 59.Ke2 Rg3 60.Kf2 Rh3 61.Kg2 Ra3 62.Rf6 Rb3 63.Rf3 Rb4
64.Kg3 Kg6 65.Rf6+ Kg7 66.Rf4 Rb1 67.Kg4 Kg6 68.Rf6+ Kh7 69.Kh5 Kg7 70.Ra6 Rb4
71.Ra7+ Kg8 72.g6 Rc4 73.Kg5 Rb4 74.h5 Rb5+ 75.Kh6 Rb8 76.Ra5 Rc8 77.Kg5 Kh8
78.h6 Rg8 79.Rb5 Ra8 80.h7 Ra7 81.Rb8+  1-0

[Event "Women's World Rapid Championship 2012"]
[Site "Batumi GEO"]
[Date "2012.05.31"]
[Round "1.18"]
[White "Krush,I"]
[Black "Gvetadze,Sopi"]
[Result "1/2-1/2"]
[WhiteElo "2457"]
[BlackElo "2338"]

1.c4 e5 2.Nc3 Nc6 3.g3 g6 4.Bg2 Bg7 5.e4 Nge7 6.Nge2 d6 7.d3 O-O 8.O-O h6
9.Nd5 Nd4 10.Nxe7+ Qxe7 11.Nxd4 exd4 12.f4 f5 13.exf5 gxf5 14.Re1 Qf6 15.Bd2 Rb8
16.b4 Bd7 17.b5 a6 18.a4 Kh8 19.Qf3 c6 20.Rab1 Rfc8 21.bxa6 bxa6 22.a5 Qd8
23.Qh5 Rxb1 24.Rxb1 Rb8 25.Rxb8 Qxb8 26.Qf7 Qe8 27.Qxe8+ Bxe8 28.Bf3 Bd7
29.h3 Kg8 30.g4 Kf7 31.Kf2 Ke7 32.Ke2 Kd8 33.gxf5 Kc7 34.Be4 Be8 35.Kf3 Bh5+
36.Kg3 Bf6 37.Bf3 Bf7 38.Bc1 Be8 39.Bb2 Bf7 40.h4 Be8 41.h5 Bd7 42.Kg4 Kd8
43.Be4 Be8 44.Ba3 Kd7 45.Bb4 Ke7 46.Kg3 Kd7 47.Bf3 Ke7 48.Bg4 Kd7 49.Be1 Bf7
50.Bf3 Be8 51.Bf2 Bf7 52.Kg4  1/2-1/2

[Event "Women's World Rapid Championship 2012"]
[Site "Batumi GEO"]
[Date "2012.05.31"]
[Round "2.14"]
[White "Khurtsidze,N"]
[Black "Krush,I"]
[Result "1-0"]
[WhiteElo "2456"]
[BlackElo "2457"]

1.d4 g6 2.Nf3 Bg7 3.c4 d6 4.Nc3 Bg4 5.e3 Nf6 6.Be2 O-O 7.O-O Re8 8.h3 Bf5
9.b4 e5 10.dxe5 dxe5 11.Qxd8 Rxd8 12.Bb2 a5 13.a3 Na6 14.b5 Nc5 15.Rad1 e4
16.Nd4 Bd7 17.Rd2 a4 18.Rfd1 Kf8 19.Na2 Be8 20.Bc3 Kg8 21.Bb4 Bf8 22.Nc3 Ncd7
23.Nc2 Rdc8 24.f3 exf3 25.gxf3 c5 26.bxc6 Rxc6 27.Bxf8 Kxf8 28.Nb4 Rc5 29.f4 Kg7
30.e4 Nb6 31.e5 Nh5 32.Ne4 Rc7 33.c5 Nc8 34.Nd5 Rc6 35.Bxh5 gxh5 36.Ndf6 Ne7
37.Rd8  1-0

[Event "Women's World Rapid Championship 2012"]
[Site "Batumi GEO"]
[Date "2012.05.31"]
[Round "3.19"]
[White "Krush,I"]
[Black "Cori T.,D"]
[Result "0-1"]
[WhiteElo "2457"]
[BlackElo "2386"]

1.c4 Nf6 2.Nc3 e6 3.Nf3 Bb4 4.Qc2 O-O 5.a3 Bxc3 6.Qxc3 d5 7.b3 Qe7 8.Bb2 Re8
9.Rc1 Nc6 10.cxd5 exd5 11.e3 a6 12.Nd4 Bd7 13.Nxc6 Bxc6 14.Be2 Qe4 15.Bf3 Qg6
16.Qd4 Ne4 17.O-O Ng5 18.Kh1 Rad8 19.Be2 Re4 20.Qc5 d4 21.f3 d3 22.Bd1 Rh4
23.Qe5 Re8 24.Qg3 Rh6 25.Rc5 Ne6 26.Qxg6 hxg6 27.Rc3 Rd8 28.b4 g5 29.Bb3 Kf8
30.Bc4 Ke7 31.Rxd3 Rdh8 32.h3 g4 33.Bxe6 Rxe6 34.Rd4 gxf3 35.gxf3 Rxh3+ 36.Kg2 Reh6
37.e4 Rh2+ 38.Kg3 g5 39.f4 R6h3+ 40.Kg4 Rh4+ 41.Kf5 g4 42.e5 g3 43.Rc4 g2
44.Rg1 Rh1 45.Rcc1 Rxg1 46.Rxg1 Bf3 47.Bd4 Rh5+  0-1

[Event "Women's World Rapid Championship 2012"]
[Site "Batumi GEO"]
[Date "2012.06.01"]
[Round "5.24"]
[White "Krush,I"]
[Black "Khukhashvili,S"]
[Result "0-1"]
[WhiteElo "2457"]
[BlackElo "2414"]

1.c4 d6 2.d4 e5 3.Nf3 e4 4.Ng5 f5 5.Nc3 c6 6.g3 Nf6 7.Bg2 Be7 8.O-O d5 9.f3 h6
10.Nh3 g5 11.Be3 Be6 12.fxe4 fxe4 13.Nf2 Qd7 14.a3 Rg8 15.Qd2 Nh7 16.b4 h5
17.b5 h4 18.bxc6 bxc6 19.Na4 hxg3 20.hxg3 Nf6 21.Nc5 Bxc5 22.dxc5 Qc7 23.Bd4 Nh5
24.Nh1 Nxg3 25.Rf6 Bg4 26.Nxg3 Qxg3 27.Bf2 Qe5 28.Bd4 Qg3 29.Bf2 Qe5 30.Bd4 Qe7
31.cxd5 cxd5 32.c6 Be6 33.Rc1 Na6 34.c7 Rc8 35.Rc6 Nxc7 36.Rfxe6 Qxe6 37.Rxe6+ Nxe6
38.Bxa7 Rd8 39.Qb2 Rd7 40.Qe5 Kf7 41.Bd4 Nxd4 42.Qxd4 Ke6 43.Kh2 g4 44.Kg3 Rgg7
45.a4 Ra7 46.e3 Rgc7 47.Bf1 Kd6 48.a5 Rab7 49.a6 Rb1 50.Be2 Rg1+ 51.Kf2 Rcc1
52.Qb6+ Ke7 53.Qb7+ Ke6 54.Qb6+ Kf7 55.Qb7+ Kg6 56.Qb6+ Kf5 57.Bxg4+ Rxg4
58.a7 Rc2+ 59.Kf1 Rh4 60.Kg1 Rg4+ 61.Kf1 Rcg2 62.Ke1 Ra2 63.Kf1 Rh4 64.Kg1 Ra1+
65.Kg2 Rg4+ 66.Kf2 Rag1  0-1

[Event "Women's World Rapid Championship 2012"]
[Site "Batumi GEO"]
[Date "2012.06.01"]
[Round "6.25"]
[White "Umudova,N"]
[Black "Krush,I"]
[Result "0-1"]
[WhiteElo "2231"]
[BlackElo "2457"]

1.e4 g6 2.d4 Bg7 3.Nc3 c6 4.Nf3 d5 5.e5 Nh6 6.Bf4 f6 7.Qd2 Nf7 8.h4 Bg4 9.Nh2 fxe5
10.dxe5 Bf5 11.Nf3 Nd7 12.O-O-O Ndxe5 13.Nxe5 Nxe5 14.f3 Qa5 15.Kb1 O-O-O
16.Qe3 Nd7 17.Qxe7 Bxc3 18.bxc3 Qxc3 19.Bd3 Rhe8 20.Qd6 Ne5 21.Bxf5+ gxf5
22.Qh6 Nc4 23.Bc1 Re2  0-1

[Event "Women's World Rapid Championship 2012"]
[Site "Batumi GEO"]
[Date "2012.06.02"]
[Round "8.20"]
[White "Krush,I"]
[Black "Purtseladze,M"]
[Result "1-0"]
[WhiteElo "2457"]
[BlackElo "2348"]

1.c4 e5 2.Nc3 Bb4 3.Nd5 Be7 4.e3 Nf6 5.Nf3 Nxd5 6.cxd5 d6 7.Qc2 f5 8.Bb5+ Bd7
9.Bxd7+ Qxd7 10.d3 O-O 11.O-O c5 12.Bd2 Na6 13.Rfc1 g5 14.b4 g4 15.Ne1 Rac8
16.Qb3 cxb4 17.Bxb4 f4 18.exf4 Nxb4 19.Qxb4 Rxf4 20.Rxc8+ Qxc8 21.Qb2 Bd8
22.Nc2 Bb6 23.Rf1 Qf8 24.Na3 h5 25.g3 Rf3 26.Nc4 Bd4 27.Qe2 b5 28.Nd2 Rf7
29.Ne4 Rc7 30.Kg2 Qf3+ 31.Qxf3 gxf3+ 32.Kxf3 Rc2 33.Nxd6 b4 34.Rb1 a5 35.Nc4 Rxa2
36.d6 Kf7 37.Ke4 Ke6 38.f4 Bc3 39.fxe5 a4 40.Rf1 Re2+ 41.Kf3 Rxh2 42.Ke3 a3
43.Rf6+ Kd5 44.d7 Bd4+ 45.Kf4 Rf2+ 46.Kg5 Rxf6 47.d8=Q+ Kc5 48.exf6 a2 49.Qb6+ Kd5
50.Qd6+  1-0

[Event "Women's World Rapid Championship 2012"]
[Site "Batumi GEO"]
[Date "2012.06.02"]
[Round "9.18"]
[White "Mammadova,G"]
[Black "Krush,I"]
[Result "0-1"]
[WhiteElo "2345"]
[BlackElo "2457"]

1.e4 g6 2.d4 Bg7 3.Nc3 c6 4.Nf3 d5 5.h3 Nf6 6.e5 Ne4 7.Nxe4 dxe4 8.Ng5 c5
9.c3 Nc6 10.Be3 cxd4 11.cxd4 Qa5+ 12.Qd2 Qxd2+ 13.Kxd2 O-O 14.Nxe4 Rd8 15.f4 Bf5
16.Nf2 Nxd4 17.Bxd4 Rxd4+ 18.Ke3 Rad8 19.g4 Be6 20.Bg2 g5 21.fxg5 Bxe5 22.Be4 Bg3
23.Nd3 Bh4 24.Nc5 Bxg5+ 25.Kf3 Bd5 26.Bxd5 R8xd5 27.Nb3 Rf4+ 28.Kg2 Rc4 29.Rhf1 a5
30.a4 b6 31.Rf2 Rd3 32.Ra3 Bf6 33.Nxa5 Rxa3 34.Nxc4 Rxa4 35.Nxb6 Ra5 36.Nc4 Rb5
37.Rc2 Rb3 38.Re2 Kg7 39.Rc2 Kg6 40.Re2 Rb4 41.Rc2 Kg5 42.Kg3 Rb3+ 43.Kg2 Kh4
44.Nd2 Rg3+ 45.Kf2 Rxh3 46.Nf3+ Kxg4 47.Rc4+ Kf5 48.Kg2 Rh6 49.b4 Rg6+ 50.Kf2 Rg8
51.b5 Rb8 52.Rc5+ Kg6 53.Ke3 h5 54.Kf4 e6 55.Kg3 Be7 56.Ne5+ Kf5  0-1